| 000 | 00707nam a2200241Ia 4500 | ||
|---|---|---|---|
| 003 | OSt | ||
| 005 | 20250718112606.0 | ||
| 008 | 210719s2008 xx 000 0 und d | ||
| 020 | _a8131602125 | ||
| 040 | _cAL | ||
| 041 | _aeng | ||
| 082 | _a361.2 JOGG | ||
| 100 |
_aJogdand P G _9219360 |
||
| 245 |
_aGlobalization and social justice _b: perspectives challenges and praxis |
||
| 260 |
_aJaipur _bRawat Publications _c2008 |
||
| 300 |
_axviii,318p _bHB |
||
| 365 |
_b695 _cRs |
||
| 650 |
_aSocial Problems _9219361 |
||
| 700 |
_aBansode, Prashant P _9219362 |
||
| 710 |
_aMeshram, N G Ed _9219363 |
||
| 906 | _achallenges ; Globalization ; justice:perspectives ; praxis ; social | ||
| 942 |
_2ddc _cBK |
||
| 999 |
_c215882 _d215882 |
||